Normal view
MARC view
Entry Topical Term
001 - CONTROL NUMBER
- control field: 25691
003 - CONTROL NUMBER IDENTIFIER
- control field: OSt
005 - DATE AND TIME OF LATEST TRANSACTION
- control field: 20210724164800.0
008 - FIXED-LENGTH DATA ELEMENTS
- fixed length control field: 210724|| aca||aabn | a|a d
040 ## - CATALOGING SOURCE
- Original cataloging agency: OSt
- Transcribing agency: OSt
150 ## - HEADING--TOPICAL TERM
- Topical term or geographic name entry element: Public health preparedness, Emergency management, Emergencies, disasters, Pandemics, COVID-19, Coronavirus, local government collaboration
670 ## - SOURCE DATA FOUND
- Source citation: Work cat.: (OSt): Fordham- Wolf, Susan 25690, Integrating government silos: Local emergency management and public health department collaboration for emergency planning and response
